Recent developments in soil genesis and classification

Bibliographic Details
Corporate Author: WORKSHOP (on) Recent Development in Soil Genesis and Classification
Other Authors: Paramananthan, S. Zauyah, Wong
Format: Book
Published: Kuala Lumpur : Malaysian Society of Soil Science , 1991
Subjects:

MARC

LEADER 00000cam a2200000 7i4500
001 0000002254
005 20030417.0
020 0 0 |a 967960022X 
090 0 0 |a 631.409595   |b WOR 1991 
110 1 0 |a WORKSHOP (on) Recent Development in Soil Genesis and Classification   |k 1989   |j Kuala Lumpur 
245 1 0 |a Recent developments in soil genesis and classification   |c editors, S. Zauyah, C. B. Wong, S. Paramananthan 
260 0 0 |a Kuala Lumpur :   |b Malaysian Society of Soil Science ,   |c 1991 
300 |a v, 163 p. :   |b ill., maps ;   |c 30 cm. 
500 0 0 |a Includes bibliographies 
650 0 0 |a Soil formation   |x Congresses 
650 0 0 |a Soil science   |x Congresses 
650 0 0 |a Soils   |x Classification   |x Congresses 
700 0 1 |a Paramananthan   |h S. 
700 0 1 |a S. Zauyah 
700 0 1 |a Wong   |h C. B. 
998 |a JPSM 
999 |a 0000004019   |b Monograph   |c Open Shelf   |e Default branch